00556nam a22001817a 4500003000400000008004100004082001800045100002000063245015100083260003900234300001000273502001700283650001300300650002300313650001600336650001100352650001100363OSt260505b |||||||| |||| 00| 0 eng d a635.652bM84I aMritunjay Kumar aIntegrated Nutrient Management for Optimising Rajmash (Phaseolus vulgaris, L.) Production on Sandy Loam Soil of North Bihar / cby Mritunjay Kumar a.- Pusa, Samastipurb: RAUc, 1999 a124p. bPh. D.d1999 aAgronomy aRajmash Production aNorth Bihar aThesis aPh. D.